Central Library OPAC University of Rajshahi
Normal view MARC view

Entry Topical Term

Number of records used in: 5

001 - CONTROL NUMBER

  • control field: 3004

003 - CONTROL NUMBER IDENTIFIER

  • control field: BD-RjUL

005 - DATE AND TIME OF LATEST TRANSACTION

  • control field: 20220512162710.0

008 - FIXED-LENGTH DATA ELEMENTS

  • fixed length control field: 220512|| aca||aabn | a|a d

040 ## - CATALOGING SOURCE

  • Original cataloging agency: BD-RjUL
  • Transcribing agency: BD-RjUL

150 ## - HEADING--TOPICAL TERM

  • Topical term or geographic name entry element: American fiction

670 ## - SOURCE DATA FOUND

  • Source citation: Work cat.: (BD-RjUL)79797: Chandler, Raymond, 1888-1959. 3000, The long good-bye /, 1959, ©1953 [reprinted 1961]